| 000 | 00694nam a22001817a 4500 | ||
|---|---|---|---|
| 005 | 20260116141345.0 | ||
| 010 | _aHIN-130844 | ||
| 020 |
_a9789385776793 _c200.00 |
||
| 035 | _aHN-103190 | ||
| 037 | _bDBAD | ||
| 082 | _a821 | ||
| 100 |
_aमुमताज _986508 |
||
| 245 |
_aअन्तर्मन से / _cमुमताज 'सादिक ' |
||
| 260 |
_aनई दिल्ली _bशब्दांकुर प्रकाशन _c2020 |
||
| 270 |
_aजे-द्वितीय तल -41, मदनगीर, _bनई दिल्ली _e110062 |
||
| 300 |
_a86पृ. _c22सेमी (अजिल्द) |
||
| 942 |
_2ddc _cHN _h821 _mमुमता |
||
| 999 |
_c214225 _d214225 |
||